|
|
|
|
| LEADER |
00000cam a2200000 a 4500 |
| 001 |
1/114207 |
| 008 |
170601s1968####xx | ||| |||| ||gre|| |
| 040 |
|
|
|a GR-MyUa
|b gre
|c GR-MyUa
|e AACR2
|
| 041 |
1 |
|
|a gre
|h rus
|
| 082 |
7 |
|
|a 320.532
|2 (23)
|
| 245 |
1 |
2 |
|a Η οικοδόμηση του κομμουνισμού και τα καθήκοντα των κοινωνικών επιστημών /
|c Π. Ντεμίτσεφ.
|
| 260 |
|
|
|a [χ.τ.] :
|b [χ.ε.],
|c 1968.
|
| 300 |
|
|
|a 18 σ. ;
|c 21 εκ.
|
| 500 |
|
|
|a Από το 10ο τεύχος του περιοδικού "Κομμουνίστ".
|
| 506 |
1 |
|
|a Μόνο για ανάγνωση. Βρίσκεται σε ειδικό. Διαθέσιμο εάν ζητηθεί.
|
| 650 |
|
0 |
|a Communism and society.
|
| 852 |
|
|
|a INST
|b LESVOS
|e 20170601
|h 320.532 ΟΙΚ
|p 005100059530
|q 005100059530
|t BK
|y 0
|
| 970 |
|
|
|a Τζαφέρη
|b Ευαγγελία
|z 01-06-2017
|